[Event "FRA-ch Blitz Online Qual"]
[Site "Europe Echecs INT"]
[Date "2020.05.16"]
[Round "1"]
[White "Cleran, Anthony"]
[Black "Noyelles, Benoit"]
[Result "1-0"]
[WhiteElo "1933"]
[BlackElo "1272"]
[PlyCount "151"]
[EventDate "2020.05.16"]
[EventType "swiss (blitz)"]
[EventRounds "15"]
[EventCountry "FRA"]
[SourceTitle "CBM 196 Extra"]
[Source "ChessBase"]
[SourceDate "2020.07.31"]
[SourceVersion "1"]
[SourceVersionDate "2020.07.31"]
[SourceQuality "1"]

1. e4 e5 2. f4 exf4 3. Nf3 Nc6 4. Bc4 Bc5 5. d4 Bb6 6. Bxf4 Nge7 7. c3 0-0 8. 0-0 a6 9. Kh1 d6 10. Nbd2 Bg4 11. Qe1 Ng6 12. Bg5 Qd7 13. Qg3 Rae8 14. Rae1 Na5 15. Bd3 Bxf3 16. Rxf3 f6 17. Be3 Kh8 18. Ref1 c5 19. h4 cxd4 20. cxd4 Bc7 21. h5 d5 22. Qh3 Qxh3+ 23. Rxh3 Ne7 24. h6 g6 25. Rhf3 Nec6 26. e5 f5 27. a3 b5 28. Bb1 Nc4 29. Nxc4 dxc4 30. Rd1 Na5 31. Bg5 Nb3 32. Bf6+ Kg8 33. Bc2 Na5 34. Re3 Rxf6 35. exf6 Rxe3 36. Kg1 Kf7 37. Kf2 Kxf6 38. Kxe3 Kg5 39. Kf3 Kxh6 40. d5 Kg7 41. d6 Bd8 42. Kf4 Nb7 43. Ke5 Kf7 44. Kd5 Ke8 45. Kc6 Na5+ 46. Kc5 h5 47. Re1+ Kd7 48. Bd1 Nb7+ 49. Kd5 Nxd6 50. Re6 Nb7 51. Rxa6 Bc7 52. Rxg6 Nd8 53. Bxh5 f4 54. Rg7+ Kc8 55. Bg4+ Kb7 56. Bf3 Kc8 57. Kc5 Kb8 58. Kxb5 Nb7 59. Rg8+ Ka7 60. Bxb7 Kxb7 61. Rg7 Kc8 62. Rxc7+ Kxc7 63. Kxc4 Kd6 64. Kd4 Ke6 65. Ke4 Kd6 66. Kxf4 Kc5 67. g4 Kb5 68. g5 Ka4 69. g6 Kb3 70. g7 Kxb2 71. g8Q Kxa3 72. Qb8 Ka4 73. Ke4 Ka3 74. Kd4 Ka4 75. Kc4 Ka3 76. Qb3# 1-0

[Event "FRA-ch Blitz Online Qual"]
[Site "Europe Echecs INT"]
[Date "2020.05.16"]
[Round "5"]
[White "Cleran, Anthony"]
[Black "Saya, Ethan"]
[Result "0-1"]
[WhiteElo "1933"]
[BlackElo "2199"]
[PlyCount "60"]
[EventDate "2020.05.16"]
[EventType "swiss (blitz)"]
[EventRounds "15"]
[EventCountry "FRA"]
[SourceTitle "CBM 196 Extra"]
[Source "ChessBase"]
[SourceDate "2020.07.31"]
[SourceVersion "1"]
[SourceVersionDate "2020.07.31"]
[SourceQuality "1"]

1. e4 e6 2. d4 d5 3. exd5 exd5 4. Bd3 Nf6 5. Bf4 Bd6 6. Ne2 Bg4 7. f3 Bh5 8. Nbc3 0-0 9. Qd2 Bg6 10. Bg5 c6 11. 0-0-0 Nbd7 12. f4 Bxd3 13. Qxd3 b5 14. Rdf1 a5 15. Ng3 a4 16. Nf5 Qc7 17. Nxd6 Qxd6 18. h4 b4 19. Nb1 c5 20. h5 c4 21. Qh3 h6 22. Bh4 b3 23. axb3 cxb3 24. c3 a3 25. Nxa3 Rxa3 26. g4 Ne4 27. bxa3 Qxa3+ 28. Kd1 Re8 29. g5 Qa1+ 30. Ke2 Nxg5+ 0-1

[Event "FRA-ch Blitz Online Qual"]
[Site "Europe Echecs INT"]
[Date "2020.05.16"]
[Round "12"]
[White "Duprey, Francois Xavier"]
[Black "Cleran, Anthony"]
[Result "1-0"]
[WhiteElo "1613"]
[BlackElo "1933"]
[PlyCount "99"]
[EventDate "2020.05.16"]
[EventType "swiss (blitz)"]
[EventRounds "15"]
[EventCountry "FRA"]
[SourceTitle "CBM 196 Extra"]
[Source "ChessBase"]
[SourceDate "2020.07.31"]
[SourceVersion "1"]
[SourceVersionDate "2020.07.31"]
[SourceQuality "1"]

1. c4 e5 2. g3 Nc6 3. Bg2 f5 4. Nc3 Nf6 5. d3 Bb4 6. Bd2 0-0 7. a3 Bxc3 8. bxc3 d6 9. e3 Qe8 10. Ne2 Bd7 11. 0-0 Qh5 12. h3 f4 13. exf4 Bxh3 14. f3 exf4 15. Nxf4 Qg5 16. Nxh3 Qxg3 17. Qe1 Qg6 18. Qf2 Qxd3 19. Rad1 Qxc4 20. Bg5 Qxc3 21. Qd2 Qxd2 22. Rxd2 Ne5 23. f4 Ng6 24. Bxb7 Rab8 25. Bg2 h6 26. Bxf6 Rxf6 27. f5 Ne5 28. Kh1 Kf8 29. Nf4 Rb3 30. Ne6+ Kg8 31. Nxc7 Rxa3 32. Nd5 Rf8 33. Ne7+ Kh7 34. Be4 Rf6 35. Nd5 Rh3+ 36. Kg2 Rh4 37. Nxf6+ gxf6 38. Bc2 Rg4+ 39. Kf2 Nc4 40. Re2 Ne5 41. Bb3 Rh4 42. Be6 Nd3+ 43. Ke3 Nc5 44. Rd2 Rh3+ 45. Kd4 Rh4+ 46. Kd5 Ne4 47. Rg2 Nc3+ 48. Kxd6 Rd4+ 49. Ke7 Nb5 50. Kxf6 1-0

[Event "FRA-ch Blitz Online Qual"]
[Site "Europe Echecs INT"]
[Date "2020.05.16"]
[Round "4"]
[White "Mareau, Timothe"]
[Black "Cleran, Anthony"]
[Result "0-1"]
[WhiteElo "1642"]
[BlackElo "1933"]
[PlyCount "82"]
[EventDate "2020.05.16"]
[EventType "swiss (blitz)"]
[EventRounds "15"]
[EventCountry "FRA"]
[SourceTitle "CBM 196 Extra"]
[Source "ChessBase"]
[SourceDate "2020.07.31"]
[SourceVersion "1"]
[SourceVersionDate "2020.07.31"]
[SourceQuality "1"]

1. e4 c5 2. c3 Nf6 3. e5 Nd5 4. d4 cxd4 5. cxd4 Nc6 6. Nc3 e6 7. Nf3 Bb4 8. Bd2 Qb6 9. a3 Nxc3 10. Bxc3 Bxc3+ 11. bxc3 Qb2 12. Qc1 Qxc1+ 13. Rxc1 Ke7 14. Bd3 b6 15. 0-0 Bb7 16. Nd2 Na5 17. Ne4 Rac8 18. Nd6 Rc7 19. c4 Nb3 20. Rcd1 Nxd4 21. Nxb7 Rxb7 22. Be4 Nc6 23. Rd6 Rc7 24. Bxc6 Rxc6 25. Rfd1 Rd8 26. R1d4 Rxd6 27. exd6+ Kf8 28. f4 Rc8 29. Kf2 Rc5 30. Ke3 Ra5 31. Rd3 Ra4 32. Rc3 Ra5 33. g4 f5 34. g5 Kf7 35. Kd4 Kg6 36. Rh3 Rc5 37. Kd3 Rc6 38. Kd4 Rxd6+ 39. Ke5 Rd2 40. Rf3 Kf7 41. h4 d6# 0-1

[Event "FRA-ch Blitz Online Qual"]
[Site "Europe Echecs INT"]
[Date "2020.05.16"]
[Round "6"]
[White "Mendoza, Mael"]
[Black "Cleran, Anthony"]
[Result "0-1"]
[WhiteElo "1451"]
[BlackElo "1933"]
[PlyCount "34"]
[EventDate "2020.05.16"]
[EventType "swiss (blitz)"]
[EventRounds "15"]
[EventCountry "FRA"]
[SourceTitle "CBM 196 Extra"]
[Source "ChessBase"]
[SourceDate "2020.07.31"]
[SourceVersion "1"]
[SourceVersionDate "2020.07.31"]
[SourceQuality "1"]

1. e4 c5 2. Nf3 e6 3. d4 cxd4 4. Nxd4 Bc5 5. Nb3 Bb6 6. Nc3 Nc6 7. Bf4 Nge7 8. Nb5 0-0 9. Nd6 f5 10. e5 Ng6 11. g3 Ncxe5 12. Bg2 Nxf4 13. gxf4 Ng4 14. 0-0 Qh4 15. h3 Nxf2 16. Qf3 Nxh3+ 17. Kh2 Ng5+ 0-1

[Event "FRA-ch Blitz Online Qual"]
[Site "Europe Echecs INT"]
[Date "2020.05.16"]
[Round "2"]
[White "Villegas, Pierre"]
[Black "Cleran, Anthony"]
[Result "1-0"]
[WhiteElo "2364"]
[BlackElo "1933"]
[PlyCount "25"]
[EventDate "2020.05.16"]
[EventType "swiss (blitz)"]
[EventRounds "15"]
[EventCountry "FRA"]
[SourceTitle "CBM 196 Extra"]
[Source "ChessBase"]
[SourceDate "2020.07.31"]
[SourceVersion "1"]
[SourceVersionDate "2020.07.31"]
[SourceQuality "1"]

1. d4 d5 2. c4 e5 3. dxe5 d4 4. Nf3 Nc6 5. a3 Nge7 6. b4 Ng6 7. Bb2 a5 8. b5 Ncxe5 9. Nxe5 Nxe5 10. e3 c5 11. exd4 cxd4 12. Qxd4 Qe7 13. Qxe5 1-0

[Event "Gorges op 27th"]
[Site "Gorges"]
[Date "2017.07.08"]
[Round "2"]
[White "Cleran, Anthony"]
[Black "Delafenetre, Alexandre"]
[Result "1/2-1/2"]
[WhiteElo "1875"]
[BlackElo "1666"]
[PlyCount "77"]
[EventDate "2017.07.08"]
[EventType "swiss"]
[EventRounds "5"]
[EventCountry "FRA"]
[SourceTitle "EXT 2019"]
[Source "ChessBase"]
[SourceDate "2018.10.10"]
[SourceVersion "1"]
[SourceVersionDate "2018.10.10"]
[SourceQuality "1"]

1. e4 c5 2. Nc3 d6 3. f4 g6 4. Nf3 Bg7 5. Bb5+ Bd7 6. Bxd7+ Qxd7 7. d4 cxd4 8. Nxd4 Nc6 9. Be3 Nf6 10. h3 0-0 11. 0-0 Rac8 12. Nf3 b6 13. Qd2 Na5 14. Bd4 Nc4 15. Qc1 Qc6 16. Bxf6 Bxf6 17. Nd5 Qc5+ 18. Kh2 Bxb2 19. Qe1 Rce8 20. Qh4 f6 21. Rab1 e6 22. f5 exd5 23. fxg6 Qc7 24. exd5 hxg6 25. Qg4 Be5+ 26. g3 Kg7 27. Nh4 g5 28. Nf5+ Kg6 29. Nh4+ Kg7 30. Nf5+ Kh8 31. h4 gxh4 32. Rh1 Rf7 33. Qh5+ Kg8 34. Kg2 Ne3+ 35. Nxe3 Bxg3 36. Qg6+ Kh8 37. Qxg3 Rg7 38. Rxh4+ Kg8 39. Ng4 1/2-1/2

[Event "Nantes op 14th"]
[Site "Nantes"]
[Date "2015.12.28"]
[Round "2"]
[White "Entem, Alan"]
[Black "Cleran, Anthony"]
[Result "0-1"]
[WhiteElo "2171"]
[BlackElo "1928"]
[PlyCount "40"]
[EventDate "2015.12.27"]
[EventType "swiss"]
[EventRounds "7"]
[EventCountry "FRA"]
[SourceTitle "CBM 170 Extra"]
[Source "ChessBase"]
[SourceDate "2016.02.25"]
[SourceVersion "1"]
[SourceVersionDate "2016.02.25"]
[SourceQuality "1"]

1. e4 e5 2. Nf3 Nc6 3. Bc4 Bc5 4. 0-0 Nf6 5. d4 exd4 6. e5 d5 7. exf6 dxc4 8. fxg7 Rg8 9. Re1+ Be6 10. Bg5 Qd5 11. Nc3 Qf5 12. Nb5 Bb6 13. Na3 Rxg7 14. Bh4 Qg4 15. g3 Kf8 16. Bf6 Rg6 17. Ne5 Nxe5 18. Bxe5 Qh3 19. Qf3 Rd8 20. Qg2 Qh5 0-1

[Event "Nantes op 13th"]
[Site "Nantes"]
[Date "2014.12.29"]
[Round "5"]
[White "Jaulin, Philippe"]
[Black "Cleran, Anthony"]
[Result "1-0"]
[WhiteElo "2150"]
[BlackElo "1933"]
[PlyCount "93"]
[EventDate "2014.12.27"]
[EventType "swiss"]
[EventRounds "7"]
[EventCountry "FRA"]
[SourceTitle "EXT 2016"]
[Source "ChessBase"]
[SourceDate "2015.10.08"]
[SourceVersion "1"]
[SourceVersionDate "2015.10.08"]
[SourceQuality "1"]

1. e4 e5 2. Nf3 Nc6 3. d4 exd4 4. Nxd4 Bc5 5. Nb3 Bb6 6. Nc3 d6 7. Qe2 Nf6 8. Bg5 h6 9. Be3 Be6 10. 0-0-0 Bxb3 11. axb3 Qe7 12. f3 0-0-0 13. Bxb6 axb6 14. Qc4 Rhe8 15. Qa4 Kd7 16. g3 Qe5 17. Nd5 g5 18. Bh3+ g4 19. f4 Qe6 20. Nxf6+ Qxf6 21. Bxg4+ Ke7 22. Qc4 Ra8 23. c3 Ra5 24. b4 Ra4 25. Rhf1 Rea8 26. e5 Qg6 27. f5 Qg5+ 28. Kc2 b5 29. exd6+ cxd6 30. Qe4+ Ne5 31. f6+ Kf8 32. Be2 Re8 33. Rf5 Nc4 34. Qxe8+ Kxe8 35. Rxg5 hxg5 36. Bxc4 bxc4 37. Rxd6 g4 38. Rd4 Ra6 39. Re4+ Re6 40. Rxg4 Re2+ 41. Kb1 Rxh2 42. Rxc4 Rf2 43. Re4+ Kd8 44. Rf4 Rg2 45. g4 Kd7 46. Re4 Rf2 47. Re7+ 1-0

[Event "Rohde op 12th"]
[Site "Sautron"]
[Date "2012.11.??"]
[Round "1"]
[White "Cleran, Anthony"]
[Black "Eden, James"]
[Result "0-1"]
[WhiteElo "1928"]
[BlackElo "2145"]
[PlyCount "58"]
[EventDate "2012.10.27"]
[EventType "swiss"]
[EventRounds "9"]
[EventCountry "FRA"]
[SourceTitle "EXT 2014"]
[Source "ChessBase"]
[SourceDate "2013.11.20"]
[SourceVersion "1"]
[SourceVersionDate "2013.11.20"]
[SourceQuality "1"]

1. e4 e5 2. f4 exf4 3. Nf3 d5 4. exd5 Nf6 5. d4 Nxd5 6. Bc4 Be7 7. 0-0 Be6 8. Bxd5 Bxd5 9. Bxf4 Nc6 10. Ne5 Nxe5 11. Bxe5 0-0 12. Nc3 Bc4 13. Rf3 f6 14. Bg3 Qd7 15. b3 Bf7 16. Rd3 Bg6 17. Rd2 Bb4 18. Qf3 Qc6 19. Nd5 Bd6 20. Bxd6 Qxd6 21. Nf4 Bf7 22. c4 Rfe8 23. Rad1 Rab8 24. c5 Qd7 25. d5 Re5 26. c6 Qd6 27. Qf2 b6 28. Ne2 Bh5 29. Nc3 Bxd1 0-1

[Event "Rohde op 12th"]
[Site "Sautron"]
[Date "2012.11.??"]
[Round "3"]
[White "Cleran, Anthony"]
[Black "Hutois, Mickael"]
[Result "0-1"]
[WhiteElo "1928"]
[BlackElo "2113"]
[PlyCount "46"]
[EventDate "2012.10.27"]
[EventType "swiss"]
[EventRounds "9"]
[EventCountry "FRA"]
[SourceTitle "EXT 2014"]
[Source "ChessBase"]
[SourceDate "2013.11.20"]
[SourceVersion "1"]
[SourceVersionDate "2013.11.20"]
[SourceQuality "1"]

1. e4 e5 2. f4 exf4 3. Nf3 d5 4. exd5 Nf6 5. Bc4 Nxd5 6. Bxd5 Qxd5 7. Nc3 Qc6 8. 0-0 Bd6 9. Qe2+ Be6 10. d4 0-0 11. Ne5 Qb6 12. Qf2 f6 13. Nd3 g5 14. Nc5 Bxc5 15. dxc5 Qc6 16. b4 Nd7 17. Re1 Rae8 18. Ba3 a6 19. h4 h6 20. Bb2 Kf7 21. a4 a5 22. hxg5 axb4 23. Ne4 hxg5 0-1

[Event "Rohde op 12th"]
[Site "Sautron"]
[Date "2012.11.??"]
[Round "6"]
[White "Makka, Ioulia"]
[Black "Cleran, Anthony"]
[Result "1-0"]
[WhiteElo "2119"]
[BlackElo "1928"]
[PlyCount "65"]
[EventDate "2012.10.27"]
[EventType "swiss"]
[EventRounds "9"]
[EventCountry "FRA"]
[SourceTitle "EXT 2014"]
[Source "ChessBase"]
[SourceDate "2013.11.20"]
[SourceVersion "1"]
[SourceVersionDate "2013.11.20"]
[SourceQuality "1"]

1. e4 e5 2. Nf3 Nc6 3. Bb5 Nge7 4. c3 a6 5. Ba4 g6 6. d4 b5 7. Bb3 exd4 8. Ng5 d5 9. exd5 Na5 10. d6 Nxb3 11. Qxb3 Qxd6 12. Qxf7+ Kd7 13. Bf4 Qd5 14. Qxd5+ Nxd5 15. Be5 Rg8 16. cxd4 Nb4 17. Kd2 Bh6 18. h4 Bb7 19. Rh2 Rae8 20. f4 Nc6 21. Nc3 Nxe5 22. dxe5 Bxg5 23. hxg5 Re7 24. g3 Ke6 25. Ke3 Rd8 26. Rd1 Rxd1 27. Nxd1 Rd7 28. Nf2 Kf5 29. g4+ Ke6 30. Nd3 Kd5 31. Rd2 Rf7 32. b4 Bc8 33. Nc5+ 1-0

[Event "Nantes op 10th"]
[Site "Nantes"]
[Date "2011.??.??"]
[Round "7"]
[White "Bruned, Yvalin"]
[Black "Cleran, Anthony"]
[Result "1-0"]
[WhiteElo "2379"]
[BlackElo "1978"]
[PlyCount "75"]
[EventDate "2011.12.27"]
[EventType "swiss"]
[EventRounds "7"]
[EventCountry "FRA"]
[SourceTitle "EXT 2013"]
[Source "ChessBase"]
[SourceDate "2012.11.22"]
[SourceVersion "1"]
[SourceVersionDate "2012.11.22"]
[SourceQuality "1"]

1. e4 c6 2. d4 d5 3. Nc3 dxe4 4. Nxe4 Bf5 5. Ng3 Bg6 6. h4 h6 7. Nf3 Nd7 8. h5 Bh7 9. Bd3 Bxd3 10. Qxd3 Qc7 11. Bd2 e6 12. 0-0-0 0-0-0 13. Ne4 Ngf6 14. g3 Nxe4 15. Qxe4 Nf6 16. Qe2 Bd6 17. c4 c5 18. Bc3 Rhe8 19. Kb1 Kb8 20. Ne5 Qe7 21. f4 Ka8 22. dxc5 Bxc5 23. g4 Rxd1+ 24. Rxd1 Bd6 25. g5 Ng8 26. Nxf7 Bxf4 27. g6 Nf6 28. Qf3 Qc7 29. Bxf6 gxf6 30. Qd3 f5 31. Qd8+ Qb8 32. Qxe8 Qxe8 33. Rd8+ Qxd8 34. Nxd8 Be5 35. Nxe6 Kb8 36. g7 Bxg7 37. Nxg7 f4 38. Kc2 1-0

[Event "Guingamp op 14th"]
[Site "Guingamp"]
[Date "2010.02.21"]
[Round "3"]
[White "Stephan, Victor"]
[Black "Cleran, Anthony"]
[Result "1-0"]
[WhiteElo "2242"]
[BlackElo "1984"]
[PlyCount "63"]
[EventDate "2010.02.19"]
[EventType "swiss"]
[EventRounds "9"]
[EventCountry "FRA"]
[SourceTitle "CBM 135 Extra"]
[Source "ChessBase"]
[SourceDate "2010.05.04"]
[SourceVersion "1"]
[SourceVersionDate "2010.05.04"]
[SourceQuality "1"]

1. Nf3 d5 2. c4 c6 3. cxd5 cxd5 4. d4 Nf6 5. Nc3 Nc6 6. Bf4 Bf5 7. e3 e6 8. Qb3 Qb6 9. Bb5 Be7 10. 0-0 0-0 11. Rfc1 Na5 12. Qa4 a6 13. Bf1 Rac8 14. Nd1 Qb4 15. Qxb4 Bxb4 16. Nh4 Bd2 17. Rxc8 Rxc8 18. Nxf5 exf5 19. Bd3 g6 20. Kf1 Ne4 21. Ke2 Bb4 22. f3 Nf6 23. Rb1 Nh5 24. Bg5 f6 25. Bh4 Kf7 26. h3 Nc4 27. Rc1 Nd6 28. Rxc8 Nxc8 29. a3 Bd6 30. Nc3 Ne7 31. Bc2 f4 32. Bb3 1-0

[Event "FRA-chT4 0506"]
[Site "Bretagne"]
[Date "2006.01.15"]
[Round "4"]
[White "Priser, Patrick"]
[Black "Cleran, Anthony"]
[Result "0-1"]
[WhiteElo "1995"]
[BlackElo "1997"]
[PlyCount "66"]
[EventDate "2005.10.16"]
[EventType "team"]
[EventRounds "7"]
[EventCountry "FRA"]
[SourceTitle "EXT 2007"]
[Source "ChessBase"]
[SourceDate "2006.11.23"]
[SourceVersion "1"]
[SourceVersionDate "2006.11.23"]
[SourceQuality "1"]

1. e4 c5 2. Nc3 Nc6 3. g3 Nf6 4. Bg2 d6 5. d3 g6 6. h3 Bg7 7. Be3 Rb8 8. Qd2 0-0 9. f4 b5 10. e5 b4 11. Nce2 Qc7 12. exf6 Bxf6 13. c3 Rd8 14. Nf3 Qa5 15. 0-0 Ba6 16. g4 d5 17. f5 bxc3 18. bxc3 d4 19. cxd4 Qxd2 20. Nxd2 cxd4 21. Bf4 Ne5 22. g5 Bg7 23. Be4 Rb2 24. Rfb1 Rxb1+ 25. Rxb1 Nxd3 26. Rb8 Rxb8 27. Bxb8 gxf5 28. Bxf5 Nb4 29. Nc1 Nc6 30. Bc7 Bb5 31. Ndb3 Nb4 32. a3 Nd5 33. Bb8 a6 0-1

[Event "FRA-chT3 0405"]
[Site "France"]
[Date "2004.11.06"]
[Round "2"]
[White "Cleran, Anthony"]
[Black "Monroy, Charles"]
[Result "0-1"]
[WhiteElo "2033"]
[BlackElo "2299"]
[PlyCount "80"]
[EventDate "2004.10.10"]
[EventType "team"]
[EventRounds "9"]
[EventCountry "FRA"]
[SourceTitle "EXT 2007"]
[Source "ChessBase"]
[SourceDate "2006.11.23"]
[SourceVersion "1"]
[SourceVersionDate "2006.11.23"]
[SourceQuality "1"]

1. e4 c5 2. Nc3 Nc6 3. f4 e6 4. Nf3 a6 5. g3 d5 6. Bg2 Be7 7. d3 Nf6 8. Qe2 Nd4 9. Nxd4 cxd4 10. Nd1 dxe4 11. dxe4 Bd7 12. Nf2 Rc8 13. 0-0 Qc7 14. Rd1 Bb5 15. Nd3 Qxc2 16. Qxc2 Rxc2 17. Ne1 Rc7 18. h3 0-0 19. Kh2 Rfc8 20. Bd2 b6 21. e5 Nd5 22. Bxd5 exd5 23. Kg2 f6 24. Rdc1 Kf7 25. Rxc7 Rxc7 26. e6+ Kxe6 27. Nf3 d3 28. Re1+ Kf7 29. b3 Rc2 30. a4 Bd7 31. g4 Rb2 32. Rc1 Bb4 33. Rd1 Bd6 34. Kg3 Rxb3 35. Nd4 Ra3 36. Nf5 Bxf5 37. gxf5 Rxa4 38. Be3 Bc5 39. Rxd3 d4 40. Bc1 Rc4 0-1

[Event "FRA-chT3 Gr5 0203"]
[Site "France"]
[Date "2002.11.16"]
[Round "2"]
[White "Bihari, Pascal"]
[Black "Cleran, Anthony"]
[Result "0-1"]
[WhiteElo "1750"]
[BlackElo "2060"]
[PlyCount "98"]
[EventDate "2002.12.09"]
[EventType "team"]
[EventRounds "9"]
[EventCountry "FRA"]
[SourceTitle "EXT 2004"]
[Source "ChessBase"]
[SourceDate "2003.11.25"]
[SourceVersion "1"]
[SourceVersionDate "2003.11.25"]
[SourceQuality "1"]

1. e4 c5 2. Nf3 e6 3. d4 cxd4 4. Nxd4 Bc5 5. Be3 Qb6 6. Nb5 Bxe3 7. Nd6+ Kf8 8. fxe3 Qxe3+ 9. Be2 Nc6 10. Rf1 Nf6 11. Nc3 a6 12. Na4 b5 13. Rf3 Qg1+ 14. Rf1 Qe3 15. Rf3 Qg1+ 16. Rf1 Qxh2 17. Nb6 Qg3+ 18. Rf2 Rb8 19. Nbxc8 Rxc8 20. a4 Nb4 21. c3 Rc6 22. cxb4 Rxd6 23. Qc2 Rc6 24. Qd3 Qxd3 25. Bxd3 Ke7 26. axb5 axb5 27. Ra7 Rb8 28. Rd2 e5 29. Ke2 Rd6 30. Bb1 Rxd2+ 31. Kxd2 Kd6 32. Ke3 Kc6 33. Ra6+ Rb6 34. Ra8 d5 35. Rh8 d4+ 36. Kf3 Kd7 37. Rf8 Ke7 38. Rd8 Nd7 39. Bd3 Kd6 40. Rg8 g6 41. Rg7 Ke6 42. Rxh7 Nb8 43. Rh8 Nc6 44. Re8+ Kd7 45. Ra8 Nxb4 46. Ke2 Nxd3 47. Kxd3 f5 48. Ra7+ Ke6 49. Rg7 Kf6 0-1

[Event "FRA-ch U20"]
[Site "Hyeres"]
[Date "2002.??.??"]
[Round "3.10"]
[White "Milliet, Sophie"]
[Black "Cleran, Anthony"]
[Result "1/2-1/2"]
[WhiteElo "2165"]
[BlackElo "2039"]
[PlyCount "82"]
[EventDate "2002.04.05"]
[EventType "swiss"]
[EventRounds "9"]
[EventCountry "FRA"]
[SourceTitle "EXT 2003"]
[Source "ChessBase"]
[SourceDate "2002.11.25"]
[SourceVersion "1"]
[SourceVersionDate "2002.11.25"]
[SourceQuality "1"]

1. e4 c5 2. Nc3 e6 3. f4 d5 4. Nf3 dxe4 5. Nxe4 Nf6 6. Bb5+ Nbd7 7. d3 a6 8. Bxd7+ Bxd7 9. Ne5 Be7 10. 0-0 0-0 11. Qf3 Rc8 12. b3 Bc6 13. Bb2 Nxe4 14. dxe4 Bf6 15. Nxc6 Rxc6 16. e5 Be7 17. Rad1 Qc7 18. c4 b5 19. Qe4 Rb6 20. Rf3 Rd8 21. Rxd8+ Bxd8 22. Rd3 Rb8 23. f5 bxc4 24. Qxc4 Qa5 25. Bc3 Qb5 26. Qe4 Bb6 27. Kh1 exf5 28. Qxf5 c4 29. Rf3 Qd5 30. bxc4 Qxc4 31. h3 Qxa2 32. Qg4 Qb1+ 33. Kh2 Bg1+ 34. Kg3 Qg6 35. Qxg6 hxg6 36. Kf4 Rc8 37. Ke4 Bb6 38. Kd5 a5 39. g4 Bd8 40. Bd4 Be7 41. Rb3 Bb4 1/2-1/2

[Event "Fouesnant op 07th"]
[Site "Fouesnant"]
[Date "2001.10.30"]
[Round "7"]
[White "Caroff, Frederic"]
[Black "Cleran, Anthony"]
[Result "1-0"]
[WhiteElo "2107"]
[BlackElo "1830"]
[PlyCount "55"]
[EventDate "2001.10.27"]
[EventType "swiss"]
[EventRounds "7"]
[EventCountry "FRA"]
[SourceTitle "EXT 2003"]
[Source "ChessBase"]
[SourceDate "2002.11.25"]
[SourceVersion "1"]
[SourceVersionDate "2002.11.25"]
[SourceQuality "1"]

1. e4 c5 2. d4 cxd4 3. c3 Nf6 4. e5 Nd5 5. Nf3 Nc6 6. Bc4 e6 7. cxd4 Nb6 8. Bb3 Be7 9. 0-0 d6 10. Qe2 dxe5 11. dxe5 0-0 12. Nc3 a6 13. Qe4 Nd7 14. Bc2 g6 15. Bh6 Qc7 16. Bxf8 Bxf8 17. Rac1 Bh6 18. Rfd1 b5 19. Qh4 Bg7 20. Ne4 Ncxe5 21. Nxe5 Qxe5 22. Nd6 Bf6 23. Qe4 Qxe4 24. Bxe4 Rb8 25. Nxc8 Nc5 26. Nd6 Be5 27. Bc2 f5 28. b4 1-0

[Event "Fouesnant op 07th"]
[Site "Fouesnant"]
[Date "2001.10.30"]
[Round "6"]
[White "Cleran, Anthony"]
[Black "Le Du, Michel"]
[Result "1-0"]
[WhiteElo "1830"]
[BlackElo "2058"]
[PlyCount "101"]
[EventDate "2001.10.27"]
[EventType "swiss"]
[EventRounds "7"]
[EventCountry "FRA"]
[SourceTitle "EXT 2003"]
[Source "ChessBase"]
[SourceDate "2002.11.25"]
[SourceVersion "1"]
[SourceVersionDate "2002.11.25"]
[SourceQuality "1"]

1. e4 g6 2. d4 Bg7 3. f4 c5 4. d5 d6 5. Nf3 Nd7 6. a4 Qc7 7. Nbd2 Ngf6 8. h3 0-0 9. Be2 b6 10. 0-0 a6 11. Qe1 Rb8 12. g4 b5 13. g5 Ne8 14. h4 c4 15. c3 Nc5 16. axb5 axb5 17. Nd4 Bd7 18. h5 Qb6 19. Kg2 f6 20. N2f3 Nxe4 21. Be3 Qb7 22. Rh1 fxg5 23. hxg6 hxg6 24. fxg5 Qxd5 25. Qh4 e5 26. Raf1 Bf5 27. Qh7+ Kf7 28. Nxf5 gxf5 29. Qxf5+ Ke7 30. Qg4 Nc5 31. Bxc5 Qxc5 32. Nh4 Qd5+ 33. Bf3 Qd2+ 34. Rf2 Qd3 35. Rd1 Qh7 36. g6 Qg8 37. Nf5+ Rxf5 38. Qxf5 Nf6 39. Rfd2 Rb6 40. Qg5 Qe6 41. Re2 Ra6 42. Bd5 Qg4+ 43. Qxg4 Nxg4 44. Kg3 Nf6 45. Bf7 Nh5+ 46. Kg4 Nf4 47. Rh2 Kf6 48. Rf1 Ra2 49. Rd2 Ke7 50. Rh1 Nd3 51. Rxd3 1-0

[Event "FRA-chT3 01"]
[Site "France"]
[Date "2001.01.14"]
[Round "5"]
[White "Cleran, Anthony"]
[Black "Alanic, Mickael"]
[Result "0-1"]
[WhiteElo "1880"]
[BlackElo "2020"]
[PlyCount "90"]
[EventDate "2001.??.??"]
[EventType "team"]
[EventRounds "9"]
[EventCountry "FRA"]
[SourceTitle "EXT 2002"]
[Source "ChessBase"]
[SourceDate "2001.11.25"]
[SourceVersion "1"]
[SourceVersionDate "2001.11.25"]
[SourceQuality "1"]
[WhiteTeam "Yffiniac"]
[BlackTeam "Guingamp"]
[WhiteTeamCountry "FRA"]
[BlackTeamCountry "FRA"]

1. e4 g6 2. d4 d6 3. Nf3 Bg7 4. Be3 Nf6 5. Nc3 0-0 6. h3 Nbd7 7. Qd2 e5 8. d5 Ne8 9. g4 Nb6 10. Rg1 f6 11. Be2 Rf7 12. 0-0-0 Kh8 13. Rg2 c6 14. h4 cxd5 15. Nxd5 Nxd5 16. Qxd5 Re7 17. Qd2 Be6 18. Kb1 Qd7 19. Qb4 a6 20. Bb6 Rc8 21. Nd2 Qc6 22. c4 Rd7 23. f3 f5 24. gxf5 gxf5 25. Bd3 f4 26. Rc1 Bf6 27. Nb3 Rf7 28. Na5 Qd7 29. Rcg1 Ng7 30. Bf2 Bd8 31. Nb3 b6 32. a4 Qc6 33. Nd2 Rb7 34. b3 Bf6 35. Qa3 b5 36. axb5 axb5 37. Rc1 b4 38. Qb2 Nh5 39. Kc2 Ra8 40. Kd1 Rbb8 41. Ke2 Qd7 42. Ra1 Bd8 43. Nf1 Qb7 44. Nh2 Bb6 45. Be1 Bd4 0-1

[Event "Plancoet op 1st"]
[Site "Plancoet"]
[Date "2001.??.??"]
[Round "9"]
[White "Baugin, Alain"]
[Black "Cleran, Anthony"]
[Result "1/2-1/2"]
[WhiteElo "2130"]
[BlackElo "1840"]
[PlyCount "67"]
[EventDate "2001.??.??"]
[EventType "swiss"]
[EventRounds "9"]
[EventCountry "FRA"]
[SourceTitle "EXT 2003"]
[Source "ChessBase"]
[SourceDate "2002.11.25"]
[SourceVersion "1"]
[SourceVersionDate "2002.11.25"]
[SourceQuality "1"]

1. b3 e5 2. Bb2 Nc6 3. e3 Nf6 4. c4 Be7 5. Nc3 0-0 6. Nf3 d6 7. d3 Nd7 8. d4 f5 9. d5 Ncb8 10. Be2 Nf6 11. Nd2 Qe8 12. f4 exf4 13. exf4 Ng4 14. g3 Bf6 15. Nf1 Na6 16. h3 Ne3 17. Nxe3 Qxe3 18. Qd3 Re8 19. Qxe3 Rxe3 20. Nd1 Bxb2 21. Nxb2 Rxg3 22. Kf2 Rg6 23. Nd3 Bd7 24. Bf3 Rf6 25. Rhe1 Re8 26. Rxe8+ Bxe8 27. Re1 Kf8 28. b4 b6 29. a3 Rf7 30. Nc1 Re7 31. Ne2 Nb8 32. Nd4 Rxe1 33. Kxe1 Bd7 34. Kf2 1/2-1/2